000 009300000a22002650004500
090 _aAR
_b03186
245 1 0 _aNew species of Pilea from the Andes
650 1 4 _aVegetación
_992799
650 1 4 _aBotánica
_9361
650 1 4 _aNuevas especies
_992905
650 1 4 _aTaxonomía vegetal
_992262
650 1 4 _aMorfología vegetal
_918295
650 1 4 _aDistribución geográfica
_992997
651 4 _lCordillera de los Andes
_pColombia
_992749
651 4 _lCordillera de los Andes
_p Venezuela
_992749
651 4 _lCordillera de los Andes
_pEcuador
_992749
651 4 _lCordillera de los Andes
_pPerú
_992749
651 4 _lCordillera de los Andes
_pBolivia
_992749
651 4 _lCordillera de los Andes
_pChile
_992749
653 _gPilea
041 0 _aInglés
100 1 _aKillip, Ellsworth P.
_993008
942 _cARTICULO
773 1 _tContributions from the United States National Herbarium
_31394
_hPart. 8
_q367-394
_d1950?
_g26
999 _c12241
_d12241